000 00320 a2200157 4500
001 183217
020 _a
040 _cMagnum
100 _aSantos, Rosario Bernardo
240 1 0 _aDepois das onze
_lpor
245 1 0 _aDepois das onze
300 _a105
362 0 _a1988
697 _aLITERATURA GERAL
942 _cBK
999 _c183217
_d183217